Marine pollution by oil : (Record no. 3050)

000 -LEADER
fixed length control field 00719nam a2200181 i 4500
008 - FIXED-LENGTH DATA ELEMENTS--GENERAL INFORMATION
fixed length control field 770922s1974 enka b 000 0 eng
015 ## - NATIONAL BIBLIOGRAPHY NUMBER
National bibliography number GB76-27687
020 ## - INTERNATIONAL STANDARD BOOK NUMBER
International Standard Book Number 0853344523
040 ## - CATALOGING SOURCE
Original cataloging agency DLC
082 00 - DEWEY DECIMAL CLASSIFICATION NUMBER
Classification number 628.1683
Item number I648
110 2# - MAIN ENTRY--CORPORATE NAME
Corporate name or jurisdiction name as entry element Institute of Petroleum, London.
245 10 - TITLE STATEMENT
Title Marine pollution by oil :
Remainder of title characterization of pollutants, sampling, analysis, and interpretation /
260 ## - PUBLICATION, DISTRIBUTION, ETC. (IMPRINT)
Place of publication, distribution, etc Barking :
Name of publisher, distributor, etc Applied Science Publishers [for] the Institute of Petroleum,
Date of publication, distribution, etc 1974.
300 ## - PHYSICAL DESCRIPTION
Extent ix, 198 p. :
Other physical details ill. ;
Dimensions 23 cm.
504 ## - BIBLIOGRAPHY, ETC. NOTE
Bibliography, etc Includes bibliographical references.
650 #0 - SUBJECT ADDED ENTRY--TOPICAL TERM
Topical term or geographic name as entry element Oil pollution of the sea.
942 ## - ADDED ENTRY ELEMENTS (KOHA)
Item type Books
Holdings
Withdrawn status Lost status Source of classification or shelving scheme Damaged status Not for loan Permanent location Current location Date acquired Full call number Barcode Date last seen Koha item type
          IMU Kolkata IMU Kolkata 1979-10-16 628.1683 I648 05132 2020-03-19 Books
Designed and Maintained by IMU-KC Library, Kolkata Campus © Copyright All Rights Reserved

webs counters

Powered by Koha